000 00469pab a2200169 454500
008 180718b1999 xxu||||| |||| 00| 0 eng d
100 _aLokshin, Michael
245 _aThe emerging underclass in the Russian federation: income dynamics, 1992-1996
260 _c1999
300 _ap.803-29
362 _aJul
650 _aPoverty - Russia
650 _aPoverty
700 _aPopkin, Barry M.
773 _aEconomic Development and Cultural Change
909 _a44703
999 _c44703
_d44703